000 00927nam a22002897a 4500
001 BR8403194
003 BR-BrBNA
005 20230928091936.0
007 ta
008 230509b bl.||||| |||| 00| 0 por d
040 _aBR-BrBNA
_bpor
_cBiblioteca Nacional de Agricultura
041 _a(Por)
072 _aK20
_b/G514
090 _ K20 BR8403194
100 1 _aCarvalho, J.C. de
110 1 _aAssociacao Brasileira de Carvao Vegetal, Belo Horizonte, MG (Brasil)
_9214
111 1 _aLenha e Carvao Vegetal Energeticos Renovaveis
_cSalvador, BA (Brazil)
_d15-17 Aug 1984
245 1 _aO Instituto Estadual de Florestas no setor florestal mineiro [Brasil]
260 3 _aSalvador, BA (Brasil):
_c1984.
300 _a15 p.
650 _aADMINISTRACAO FLORESTAL
650 _aPOLITICA FLORESTAL
650 _aDESENVOLVIMENTO FLORESTAL
650 _aMINAS GERAIS
909 _a202309
_bLucia
_c55
_dLucia Elande
942 _cBK
999 _c36314
_d36314